000 00494nam a2200181Ia 4500
001 20486
005 20260306172809.0
008 260306t2021||||xx |||||||||||||| ||spa||
041 _aESP
082 _a343.314
_bS26
100 _aSardón de Taboada, José Luis
_eAUT
245 0 _aLa constitución incompleta:
_breforma institucional para la estabilidad democrática
260 _c2021
300 _a126 páginas :
_c21 cm.
650 _aGEN
654 _aCDE
942 _cLIB
_dJUS
_fJUS
_2ddc
_n
999 _c20486
_d20486